[Event "Israel Team Ch Under 18"]
[Site "Jerusalem"]
[Date "2017.08.14"]
[Round "4"]
[White "Weintraub, Amit"]
[Black "Vaknin, Asaf"]
[Result "1/2-1/2"]
[WhiteElo "1801"]
[BlackElo "1746"]
[Annotator "NA RC"]
[PlyCount "105"]
[EventDate "2017.??.??"]
[EventType "swiss"]
[EventCountry "ISR"]
[SourceTitle "playchess.com"]
[Source "ChessBase"]
[SourceQuality "1"]
[TimeControl "40/5400+30:1800+30"]

{[%evp 12,75,73,64,32767,32767,89,88,89,45,95,79,104,70,106,80,86,69,82,87,102,72,32767,32767,32767,32767,67,23,36,9,26,20,44,25,130,153,127,147,127,100,103,116,108,32767,80,69,32767,32767,32767,32767,32767,32767,0,0,0,0,32767,32767,32767,32767,32767,0,0,0,0,-389]} 1. d4 {[%emt 0:40:13]} Nf6 {[%emt 0:40:46]} 2. c4 {[%emt 0:00:26]} g6 {[%emt 0:00:33]} 3. f3 {[%emt 0:00:23]} d5 {[%emt 0:00:27]} 4. cxd5 {[%emt 0:00:28] D70: Grünfeld: Unusual White 3rd moves (met by ...d5)} Nxd5 {[%emt 0:00:26]} 5. e4 {[%emt 0:00:27]} Nf6 {[%emt 0:00:28]} (5... Nb6 6. Nc3 Bg7 7. Be3 O-O 8. Qd2 Nc6 9. O-O-O Qd6 10. Kb1 Rd8 11. Nb5 Qd7 12. d5 a6 13. Nc3 Qe8 14. Qc1 Na5 15. h4 e6 16. Bf4 Rd7 17. Bh6 Bxh6 18. Qxh6 exd5 {½-½ (35) Aronian,L (2809)-Svidler,P (2749) Geneve 2017}) 6. Nc3 {[%emt 0:00:25]} Bg7 {[%emt 0:00:48]} 7. Be3 {[%emt 0:00:54]} c6 {[%emt 0:01:27]} 8. Qd2 $146 {[%emt 0:01:14]} ({Predecessor:} 8. Nge2 e6 9. Qd2 Nbd7 10. g4 Nb6 11. Ng3 Ng8 12. O-O-O a5 13. h4 {1-0 (35) Hrescak,I (1742)-Stanic,V (1797) Nova Gorica 2013}) 8... b5 {[%emt 0:02:10]} 9. a3 {[%emt 0:06:27]} O-O {[%emt 0:02:44]} 10. Nge2 {[%emt 0:01:05]} Bb7 {[%emt 0:02:42]} 11. Rd1 {[%emt 0:02:58]} Na6 {[%emt 0:06:50]} 12. Nc1 {[%emt 0:02:21]} b4 {[%emt 0:02:32]} 13. axb4 {[%emt 0:00:38]} Nxb4 {[%emt 0:01:26]} 14. Nb3 {[%emt 0:00:42]} a5 {[%emt 0:04:38]} 15. Nc5 {[%emt 0:04:39]} Ba6 {[%emt 0:02:21]} 16. Bxa6 {[%emt 0:02:01]} Nxa6 {[%emt 0:00:28]} 17. Nxa6 {[%emt 0:00:24]} Rxa6 {[%emt 0:00:22]} 18. O-O {[%emt 0:00:35]} Qb8 {[%emt 0:02:18]} 19. Bf4 {[%emt 0:05:21]} Qb3 {[%emt 0:02:46]} 20. Ra1 {[%emt 0:01:40]} a4 {[%emt 0:03:53]} 21. Ra3 {[%emt 0:01:47]} Qc4 {[%emt 0:01:22]} 22. Rc1 {[%emt 0:02:32]} Nh5 {[%emt 0:03:29] [#]} (22... Nd7 $11 {keeps the balance.}) 23. Be3 $1 {[%emt 0:00:28]} Qb4 {[%emt 0:02:11]} 24. e5 {[%emt 0:01:42]} f6 {[%emt 0:02:00]} 25. f4 {[%emt 0:05:58]} fxe5 {[%emt 0:03:48]} 26. fxe5 {[%emt 0:00:39]} c5 {[%emt 0:01:12]} 27. Qe2 {[%emt 0:03:40]} cxd4 28. Qxa6 {[%emt 0:01:00]} dxe3 {[%emt 0:04:37]} 29. Qb5 {[%emt 0:04:43]} Qh4 {[%emt 0:01:14]} 30. Rxa4 {[%emt 0:01:26]} Qf2+ {[%emt 0:00:50]} 31. Kh1 {[%emt 0:00:29]} Nf4 {[%emt 0:02:09]} 32. Qf1 {[%emt 0:03:01]} Qxb2 {[%emt 0:01:55]} 33. Rb1 {[%emt 0:03:24]} Qxc3 {[%emt 0:00:37]} 34. Rxf4 {[%emt 0:00:22]} Rxf4 {[%emt 0:00:37]} 35. Qxf4 {[%emt 0:00:21]} Bxe5 {[%emt 0:00:26]} 36. Qe4 {[%emt 0:01:21]} Kg7 {[%emt 0:00:37]} 37. g3 {[%emt 0:01:11]} Bf6 $11 {[%emt 0:00:34]} 38. Kg2 $2 {[%emt 0:01:04]} (38. Rd1 $11 {and White is okay.}) 38... Qd2+ {[%emt 0:00:36]} 39. Kf3 {[%emt 0:00:46]} Qf2+ {[%emt 0:00:39]} 40. Kg4 {[%emt 0:00:22]} Qxh2 {[%emt 0:30:36]} 41. Rh1 {[%emt 0:30:41]} Qe2+ {[%emt 0:00:31]} 42. Kh3 {[%emt 0:00:31]} h5 {[%emt 0:00:47]} 43. Rh2 {[%emt 0:00:28]} Qe1 {[%emt 0:00:39]} 44. Qf3 {[%emt 0:00:26]} Kh6 {[%emt 0:00:30]} 45. Re2 {[%emt 0:00:25]} Qa1 {[%emt 0:00:48]} 46. Qxe3+ {[%emt 0:00:32]} g5 {[%emt 0:00:22]} 47. Kg2 {[%emt 0:00:25]} Qa8+ {[%emt 0:00:24]} 48. Kf1 {[%emt 0:00:42]} Qh1+ {[%emt 0:00:28]} 49. Kf2 {[%emt 0:00:21]} Qh2+ {[%emt 0:00:42]} 50. Ke1 {[%emt 0:00:21]} Qh1+ {[%emt 0:00:24]} 51. Kf2 {[%emt 0:00:21]} Qh2+ {[%emt 0:00:21]} 52. Ke1 {[%emt 0:00:20]} Qh1+ {[%emt 0:00:28]} 53. Kf2 1/2-1/2

[Event "Israel Team Ch Under 18"]
[Site "Jerusalem"]
[Date "2017.08.14"]
[Round "4"]
[White "Kadria, Shay"]
[Black "Gabizon, Eyal"]
[Result "0-1"]
[WhiteElo "1784"]
[BlackElo "2146"]
[Annotator "TA"]
[PlyCount "102"]
[EventDate "2017.??.??"]
[EventType "swiss"]
[EventCountry "ISR"]
[SourceTitle "playchess.com"]
[Source "ChessBase"]
[SourceQuality "1"]

{[%evp 27,102,85,93,-88,-27,-25,0,-19,0,-18,-10,-9,23,30,31,36,35,33,41,23,41,33,46,0,50,-3,0,0,0,0,0,0,0,0,0,0,0,0,0,-59,-26,-43,0,-47,-45,-83,-79,-129,-133,-776,-158,-132,-135,-494,-489,-479,-501,-500,-494,-474,-414,-700,-668,-1041,-1002,-29996,-29997,-29997,-2211,-1516,-1440,-1890,-1450,-29988,-29989,-29990,-29991]} 1. e4 c5 2. Nf3 e6 3. d4 cxd4 4. Nxd4 Nc6 5. Nc3 Qc7 6. Be2 a6 7. O-O Nf6 8. Be3 Bb4 9. Na4 Be7 10. Nxc6 bxc6 11. Nb6 Rb8 12. Nxc8 Qxc8 13. Bd4 Nxe4 {B49: Sicilian: Taimanov: 5 Nc3 Qc7 6 Be3 a6 7 Be2} 14. Bxg7 Rg8 {[#] LiveBook: 23 Games} 15. Bd3 $146 {[#]} (15. Be5 $16) ({Predecessor:} 15. Be5 d6 16. Qd3 f5 17. Bh5+ Kd7 18. Rad1 Kc7 19. Bc3 Nxc3 20. Qxc3 e5 21. Rfe1 {1-0 (38) Azarov,S (2627)-Wirig,A (2490) Cappelle-la-Grande 2013}) 15... Rxg7 ({Black should try} 15... Nxf2 $1 $17 16. Qh5 Rxg7 17. Rxf2 Kf8) 16. Bxe4 $11 Rb4 17. Qd3 d5 18. Bf3 Kf8 19. b3 Rh4 20. g3 Rh6 21. c4 e5 {[#] Strongly threatening ...Qh3.} 22. Bg2 e4 23. Qe3 Bg5 24. Qc5+ Be7 25. Qe3 (25. Qd4 {with more complications.} Bf6 26. Qd2 Bg5 27. Qc2 Qe6 28. Rad1) 25... Rd6 (25... Bg5 $5 {[%cal Rg5e3]} 26. Qd4 Bf6 $14) 26. cxd5 (26. f3 $14) 26... cxd5 27. Rac1 Qd7 28. Rc2 f5 29. Qd4 Bf6 30. Qb4 d4 31. Rfc1 {Black must now prevent Bh3.} d3 32. Rc8+ Bd8 {[%cal Bf6d8,Bd8e7,Be7f8][%mdl 32]} 33. R8c5 ({Better is} 33. Bh3 $11 Qe7 34. Qd2 (34. Bxf5 e3 $11)) 33... Rf7 $15 34. Bh3 $1 {[%cal Rh3f5]} Be7 {...Rh6 is the strong threat.} (34... a5 $5 {[%cal Ra5b4]} 35. Qc3 Kg8 $11) 35. Qc3 {[%cal Rc3h8]} Kg8 36. Qe5 {[%cal Rh3f5]} Re6 $36 {[%mdl 2048] Black is on the roll.} 37. Qb8+ Rf8 38. Rc8 $2 {[%mdl 8192]} (38. Qc7 $17 Qxc7 39. Rxc7) 38... Rc6 $2 (38... d2 $19 {and Black stays clearly on top.} 39. Rxf8+ Bxf8) 39. Rxf8+ $17 Bxf8 40. Rxc6 $4 {[%mdl 8192]} (40. Rd1 $17 {nothing else works.}) 40... d2 $19 41. Rc8 d1=Q+ 42. Bf1 Q1d6 43. Qa8 Q6e7 44. Bxa6 (44. Qxa6 $142 e3 45. f3) 44... e3 45. Bc4+ Kg7 {( -> ...Qd1+)} 46. fxe3 Qxe3+ 47. Kg2 Qe4+ (47... Qdd2+ $142 48. Kh1 Qee1+ 49. Bf1 Qxf1#) 48. Qxe4 fxe4 {[%cal Bf5e4,Be4e3][%mdl 32]} 49. Ba6 e3 50. Rc2 Qd5+ 51. Kh3 Qf5+ {Precision: White = 22%, Black = 59%.} 0-1

[Event "Israel Team Ch Under 18"]
[Site "Jerusalem"]
[Date "2017.08.14"]
[Round "4"]
[White "Sassoon, Roei"]
[Black "Gorshtein, Asaf"]
[Result "1-0"]
[WhiteElo "1779"]
[BlackElo "1926"]
[Annotator "NA RC"]
[PlyCount "97"]
[EventDate "2017.??.??"]
[EventType "swiss"]
[EventCountry "ISR"]
[SourceTitle "playchess.com"]
[Source "ChessBase"]
[SourceQuality "1"]
[TimeControl "40/5400+30:1800+30"]

1. d4 Nf6 2. c4 e6 3. Nf3 b6 4. g3 Bb7 5. Bg2 d5 6. O-O Nbd7 7. Nc3 {LiveBook: 3 Games} Be7 {E16: Queen's Indian: 4 g3 Bb7 5 Bg2 Bb4+} 8. Nd2 (8. cxd5 exd5 9. Bf4 a6 10. Rc1 O-O 11. Ne5 Re8 12. Qb3 Nf8 13. e4 c6 14. exd5 cxd5 15. Na4 {0-1 (37) Ayyad,M (2076)-Henriquez Villagra,C (2508) Baku 2016}) 8... O-O 9. e4 dxe4 10. Ndxe4 Qc8 11. Re1 $146 ({Predecessor:} 11. d5 exd5 12. Nxd5 Nxd5 13. cxd5 Nf6 14. Nxf6+ Bxf6 15. Bf4 Bxb2 {0-1 (47) Berton,C-Henault,F Clermont Ferrand 2001}) 11... Rd8 12. Bf4 h6 13. Qd2 e5 (13... Nxe4 $11 14. Nxe4 Nf8) 14. Bxh6 exd4 $2 {[#]} ({Better is} 14... Nxe4 $14 15. Bxe4 Nf8) 15. Qg5 $2 (15. Bxg7 $1 $18 {[%mdl 512]} Kxg7 16. Qg5+ Kh7 17. Nb5) 15... Bf8 16. Nxf6+ $4 ({White should try} 16. Nd5 $15 Bxd5 17. cxd5) 16... Nxf6 17. Nd5 Nxd5 18. cxd5 Rd6 19. Bxg7 Bxg7 20. Re7 Qd8 21. Rae1 Kf8 22. h4 Bh6 $2 ({Black should play} 22... d3 $19 23. h5 Rb8) 23. Qe5 Bg7 24. Qg5 Bxd5 25. Bxd5 Rxd5 26. Re8+ Qxe8 27. Rxe8+ Rxe8 28. Qxd5 c5 29. b4 cxb4 30. Qd6+ Kg8 31. Qxb4 Rd8 32. h5 d3 33. Qd2 Rd7 34. g4 Kf8 35. Kf1 Bc3 36. Qxc3 d2 37. Qc8+ Ke7 38. Qxd7+ Kxd7 39. Ke2 Ke6 40. Kxd2 Kf6 41. Kc3 Kg5 42. Kc4 f5 43. f3 f4 44. Kb5 a6+ 45. Kxb6 Kh4 46. h6 Kg3 47. h7 Kxf3 48. h8=Q Kg2 49. Qf6 1-0

[Event "Israel Team Ch Under 18"]
[Site "Jerusalem"]
[Date "2017.08.14"]
[Round "4"]
[White "Achai, Lyri"]
[Black "Vazana, Yochay"]
[Result "1-0"]
[WhiteElo "1777"]
[BlackElo "1909"]
[Annotator "NA RC"]
[PlyCount "87"]
[EventDate "2017.??.??"]
[EventType "swiss"]
[EventCountry "ISR"]
[SourceTitle "playchess.com"]
[Source "ChessBase"]
[SourceQuality "1"]
[TimeControl "40/5400+30:1800+30"]

{[%evp 12,76,18,4,20,-11,60,23,32767,32767,32767,32767,49,-23,-17,-27,-21,-26,-18,-30,271,279,261,270,365,380,375,375,393,377,384,379,372,32767,32767,32767,32767,362,339,387,393,431,403,385,397,397,389,402,401,488,451,506,540,694,562,703,568,597,677,635,827,921,865,1009,891,1076,964]} 1. e4 {[%emt 0:40:14]} e6 {[%emt 0:40:40]} 2. d4 {[%emt 0:00:26]} d5 {[%emt 0:00:22]} 3. Nc3 {[%emt 0:00:26]} Nf6 {[%emt 0:00:21]} 4. Bg5 {[%emt 0:00:27]} Be7 {[%emt 0:01:13]} 5. e5 {[%emt 0:00:24]} Nfd7 {[%emt 0:00:40]} 6. h4 {[%emt 0:00:22]} h6 {[%emt 0:01:24]} 7. Be3 {[%emt 0:00:25]} c5 {[%emt 0:01:44]} 8. Qg4 {[%emt 0:00:26] LiveBook: 38 Games C14: French: Classical System: 4 Bg5 Be7 main line} (8. dxc5 Nc6 9. Qg4 d4 10. Bxd4 Nxd4 11. Qxd4 Bxc5 12. Qf4 Qb6 13. O-O-O Bxf2 14. Rh3 Bxg1 15. Ne4 O-O {0-1 (25) Hansen,E (2616)-Stocek,J (2568) Jurmala 2017}) 8... Bf8 {[%emt 0:01:32]} (8... Kf8 $11) 9. f4 {[%emt 0:05:13]} cxd4 {[%emt 0:01:34]} 10. Bxd4 {[%emt 0:00:30]} Nc6 {[%emt 0:00:30]} 11. Nf3 {[%emt 0:00:37]} a6 {[%emt 0:01:15]} 12. Bd3 $146 {[%emt 0:07:19]} ({Predecessor:} 12. O-O-O $14 b5 13. Bd3 Nxd4 14. Nxd4 Qb6 15. Nf3 Bb7 {½-½ (47) Herrmann,M (2006)-Huebner,S (1612) Leipzig 2008}) 12... Nxd4 {[%emt 0:03:57]} 13. Nxd4 {[%emt 0:00:34]} Qb6 {[%emt 0:00:34]} 14. Nb3 {[%emt 0:01:58]} Qe3+ {[%emt 0:02:39]} 15. Ne2 {[%emt 0:03:34]} b6 $2 {[%emt 0:04:16] [#]} (15... h5 $15 {stays ahead.} 16. Qg5 g6) 16. Rh3 $1 {[%emt 0:02:36]} Nxe5 {[%emt 0:02:32]} 17. Qh5 {[%emt 0:05:55]} (17. Rxe3 $2 {too greedy.} Nxg4 18. Rf3 Be7 $19) ({Don't do} 17. fxe5 $6 Qxe5 18. O-O-O Bd6 $16) 17... Nxd3+ {[%emt 0:02:09]} 18. cxd3 {[%emt 0:00:28]} Bb4+ {[%emt 0:01:35]} 19. Kf1 {[%emt 0:01:13]} g6 {[%emt 0:01:18] [#]} 20. Qg4 $1 {[%emt 0:01:13]} h5 {[%emt 0:00:36]} 21. Qg5 {[%emt 0:00:42]} ({Not} 21. Rxe3 hxg4 22. g3 Bd7 $17) 21... Be7 {[%emt 0:00:34]} 22. Rxe3 {[%emt 0:01:22]} Bxg5 {[%emt 0:00:24]} 23. fxg5 {[%emt 0:00:23]} Bd7 {[%emt 0:00:56]} 24. Rc1 {[%emt 0:01:10]} Ke7 {[%emt 0:00:44]} 25. Ke1 {[%emt 0:02:00]} Rhf8 {[%emt 0:03:39]} 26. Kd2 {[%emt 0:01:57]} Kd6 {[%emt 0:01:35]} 27. d4 {[%emt 0:03:20]} Rac8 {[%emt 0:04:54]} 28. Rf3 {[%emt 0:04:00]} Rc4 {[%emt 0:04:35]} 29. Nf4 {[%emt 0:03:00]} Rfc8 {[%emt 0:04:29]} 30. Nd3 {[%emt 0:00:47]} Rxc1 {[%emt 0:00:38]} 31. Nbxc1 {[%emt 0:00:43]} Rc4 {[%emt 0:02:12]} 32. Rf4 {[%emt 0:02:10]} Be8 {[%emt 0:01:58]} 33. Ne5 {[%emt 0:01:17]} Rc7 {[%emt 0:01:52]} 34. Ncd3 {[%emt 0:00:47]} a5 {[%emt 0:00:48]} 35. g4 {[%emt 0:02:04]} Ke7 {[%emt 0:01:26]} 36. gxh5 {[%emt 0:01:10]} gxh5 {[%emt 0:00:22]} 37. Rf6 {[%emt 0:00:38]} b5 {[%emt 0:00:57]} 38. Rh6 {[%emt 0:01:06]} Kd8 $18 {[%emt 0:01:46]} 39. Nf4 {[%emt 0:01:49]} b4 {[%emt 0:00:46]} 40. Nxh5 {[%emt 0:00:22]} a4 {[%emt 0:30:23]} 41. Nf6 {[%emt 0:30:21]} Bb5 {[%emt 0:00:50]} 42. Rh8+ {[%emt 0:00:53]} Ke7 {[%emt 0:00:24]} 43. Rh7 {[%emt 0:00:35]} Kf8 {[%emt 0:00:38]} 44. Ng6+ {[%emt 0:00:27]} 1-0

[Event "Israel Team Ch Under 18"]
[Site "Jerusalem"]
[Date "2017.08.14"]
[Round "4"]
[White "Shik Buchbinder, Maks"]
[Black "Caspi, Nimi"]
[Result "1/2-1/2"]
[WhiteElo "1718"]
[BlackElo "1780"]
[Annotator "NA RC"]
[PlyCount "38"]
[EventDate "2017.??.??"]
[EventType "swiss"]
[EventCountry "ISR"]
[SourceTitle "playchess.com"]
[Source "ChessBase"]
[SourceQuality "1"]
[TimeControl "40/5400+30:1800+30"]

1. e4 c5 2. Nf3 e6 3. d4 cxd4 4. c3 d5 5. exd5 Qxd5 6. Qxd4 Qxd4 7. Nxd4 Nf6 8. Bg5 Nd5 9. Bc4 Nb6 10. Bb3 Bd7 11. O-O Bc5 12. Nd2 Nc6 13. Ne4 Nxd4 14. Nxc5 Nxb3 15. Nxb3 O-O 16. Rad1 Bc6 17. Nd4 Bd5 18. b3 f6 19. Bh4 e5 1/2-1/2

[Event "Israel Team Ch Under 18"]
[Site "Jerusalem"]
[Date "2017.08.14"]
[Round "4"]
[White "Kotler, Yiftah"]
[Black "Milikow, Yoav"]
[Result "*"]
[WhiteElo "1715"]
[BlackElo "2137"]
[Annotator "TA"]
[PlyCount "35"]
[EventDate "2017.??.??"]
[EventType "swiss"]
[EventCountry "ISR"]
[SourceTitle "playchess.com"]
[Source "ChessBase"]
[SourceQuality "1"]

{[%evp 9,10,23,36]} 1. e4 c5 2. Nf3 e6 3. d4 cxd4 4. Nxd4 Nc6 5. Nc3 Qc7 {LiveBook: 16902 Games} {Predecessor:} 6. Be3 $146 a6 7. Qd2 Nf6 8. O-O-O Be7 9. f4 b5 10. e5 b4 11. exf6 bxc3 12. Qxc3 Bxf6 13. g4 h6 14. h4 Bb7 15. Rh2 Rc8 16. Qd2 Nxd4 17. Bxd4 Bxd4 18. Qxd4 {½-½ (49) Jakovenko,D (2703)-Inarkiev,E (2707) Geneve 2017} *

[Event "Israel Team Ch Under 18"]
[Site "Jerusalem"]
[Date "2017.08.14"]
[Round "4"]
[White "Niriev, Michael"]
[Black "Avineri, Paz"]
[Result "0-1"]
[WhiteElo "1619"]
[BlackElo "1807"]
[Annotator "NA RC"]
[PlyCount "92"]
[EventDate "2017.??.??"]
[EventType "swiss"]
[EventCountry "ISR"]
[SourceTitle "playchess.com"]
[Source "ChessBase"]
[SourceQuality "1"]
[TimeControl "40/5400+30:1800+30"]

{[%evp 11,76,20,23,32767,32767,32767,32767,32767,6,-15,-16,-23,-20,-38,-32,-41,-7,-133,-161,-168,-150,-160,-34,-16,0,-14,-9,-319,32767,32767,32767,32767,-99,-199,-218,-260,-272,-252,-275,-355,-383,-653,-705,-726,-830,-694,32767,32767,32767,32767,32767,32767,32767,32767,-1127,-687,-5189,-5080,-6391,32767,32767,32767,32767,32767,32767,32767,-12849]} 1. e4 {[%emt 0:40:12]} c5 {[%emt 0:40:46]} 2. Nf3 {[%emt 0:00:24]} e6 {[%emt 0:00:25]} 3. d4 {[%emt 0:00:37]} cxd4 {[%emt 0:00:26]} 4. Nxd4 Nf6 {[%emt 0:00:28]} 5. Nc3 {[%emt 0:00:50]} d6 {[%emt 0:00:24]} 6. Be3 {[%emt 0:01:03]} a6 {[%emt 0:00:26]} 7. a3 {[%emt 0:01:36]} b5 {[%emt 0:00:51]} 8. Be2 {[%emt 0:00:54]} Bb7 {[%emt 0:00:26]} 9. f3 {[%emt 0:00:27]} Nbd7 {[%emt 0:00:41]} 10. O-O {[%emt 0:00:44]} Be7 {[%emt 0:04:25]} 11. Qd2 {[%emt 0:05:01]} Qc7 {[%emt 0:01:30] LiveBook: 4 Games} 12. Rac1 {[%emt 0:00:57] B84: Sicilian Scheveningen: 6 Be2 a6, lines without early Be3} (12. Qe1 O-O 13. Kh1 d5 14. exd5 Nxd5 15. Nxd5 Bxd5 16. Rd1 Nb6 17. Bd3 Na4 18. Bc1 Nc5 19. Be2 Rfd8 {0-1 (37) Mogranzini,R (2401)-Palac,M (2571) Cannes 2007}) 12... O-O {[%emt 0:01:30]} 13. Rfd1 {[%emt 0:00:29]} Rac8 14. Bxb5 $146 {[%emt 0:02:46]} (14. Ndxb5 $11 {keeps the balance.} axb5 15. Nxb5) ({Find the theoretical novelty and annotate with similar games:} 14. Kh1 Rfd8 15. Nb3 d5 16. exd5 Nxd5 17. Nxd5 Bxd5 18. Qe1 Bf6 19. Bd4 Qf4 20. Bxf6 Qxf6 {0-1 (45) Hasberger,W (1975)-Limberg,S (2143) Lignano Sabbiadoro 2005}) 14... axb5 {[%emt 0:01:26]} 15. Ndxb5 {[%emt 0:00:28] [#]} Qb8 $1 {[%emt 0:01:21]} 16. Nxd6 {[%emt 0:01:05] [#]} Bxd6 {[%emt 0:01:04]} (16... Rc6 $1 $19 17. Nxb7 Qxb7) 17. Qxd6 {[%emt 0:00:24]} Qxd6 {[%emt 0:01:01]} 18. Rxd6 {[%emt 0:00:22]} Ne5 {[%emt 0:00:50]} 19. b3 $2 {[%emt 0:03:16]} (19. Nd1 $11) 19... Nxf3+ {[%emt 0:01:53]} 20. gxf3 {[%emt 0:00:51]} Rxc3 {[%emt 0:00:26]} 21. Rd3 {[%emt 0:00:56]} Rfc8 {[%emt 0:01:26]} 22. Rxc3 {[%emt 0:02:14]} (22. a4 $17 {was necessary.}) 22... Rxc3 {[%emt 0:00:45]} 23. Kf2 {[%emt 0:00:21] [#]} Bxe4 $1 {[%emt 0:01:29]} 24. fxe4 {[%emt 0:01:49]} Ng4+ {[%emt 0:00:28]} ({Worse is} 24... Nxe4+ 25. Ke2 $11) 25. Kf3 {[%emt 0:03:59]} Nxe3 {[%emt 0:00:52]} 26. Ke2 $2 {[%emt 0:00:23]} (26. a4 Nd5+ 27. Ke2) 26... Rxc2+ {[%emt 0:01:54]} 27. Rxc2 {[%emt 0:01:04]} Nxc2 {[%emt 0:00:20]} 28. a4 {[%emt 0:01:17]} Nd4+ {[%emt 0:02:28]} 29. Kd3 {[%emt 0:00:21]} Nxb3 {[%emt 0:00:33]} 30. Kc4 {[%emt 0:00:23]} Kf8 {[%emt 0:01:28]} 31. Kxb3 {[%emt 0:00:42]} Ke7 {[%emt 0:00:26]} 32. Kc4 {[%emt 0:00:31]} Kd6 {[%emt 0:01:27]} 33. Kd4 {[%emt 0:07:03]} f5 {[%emt 0:01:01]} 34. exf5 {[%emt 0:00:53]} exf5 {[%emt 0:00:35]} 35. a5 {[%emt 0:00:41]} g5 {[%emt 0:00:44]} 36. a6 {[%emt 0:00:48]} Kc6 {[%emt 0:00:23]} 37. Ke5 {[%emt 0:00:27]} f4 {[%emt 0:00:27]} 38. Ke4 {[%emt 0:00:34]} Kb6 $19 {[%emt 0:00:27]} 39. Kf3 {[%emt 0:01:50]} Kxa6 {[%emt 0:00:23]} 40. Kg4 {[%emt 0:00:43]} Kb5 {[%emt 0:30:53]} 41. Kxg5 {[%emt 0:33:57]} f3 {[%emt 0:00:23]} 42. Kh6 {[%emt 0:00:25]} f2 {[%emt 0:00:28]} 43. h4 {[%emt 0:00:20]} f1=Q {[%emt 0:00:32]} 44. Kxh7 {[%emt 0:01:16]} Qf7+ {[%emt 0:00:22]} 45. Kh6 Qg8 {[%emt 0:00:29]} 46. h5 {[%emt 0:01:22]} Qh8+ 0-1

[Event "Israel Team Ch Under 18"]
[Site "Jerusalem"]
[Date "2017.08.14"]
[Round "4"]
[White "Arian, Tomer"]
[Black "Kochavi, Ori"]
[Result "0-1"]
[WhiteElo "1471"]
[BlackElo "1901"]
[Annotator "NA RC"]
[PlyCount "110"]
[EventDate "2017.??.??"]
[EventType "swiss"]
[EventCountry "ISR"]
[SourceTitle "playchess.com"]
[Source "ChessBase"]
[SourceQuality "1"]
[TimeControl "40/5400+30:1800+30"]

{[%evp 9,98,25,44,27,32,41,39,28,37,42,37,13,16,0,0,0,9,4,1,-14,-11,-19,-50,-69,-51,-88,-81,-71,-84,-82,-81,-95,-95,-99,-68,-78,-52,-126,-110,-108,-100,-101,-49,-71,0,32767,32767,32767,32767,32767,32767,32767,0,0,0,0,0,0,0,0,0,0,0,0,2,0,0,32767,32767,32767,32767,32767,32767,32767,32767,32767,32767,32767,32767,0,0,-7,-7,0,0,0,0,0,0,0,0]} 1. e4 c5 2. c3 d5 3. exd5 Qxd5 4. d4 Nc6 5. Nf3 cxd4 6. cxd4 e6 7. Nc3 Bb4 8. Be2 Nf6 9. O-O Qd8 10. Bg5 Be7 11. Bf4 O-O {LiveBook: 22 Games} 12. Bd3 {B22: Sicilian: 2 c3} (12. Rc1 b6 13. Bd3 Bb7 14. Re1 Rc8 15. Bb1 Nb4 16. a3 Nbd5 17. Be5 Nxc3 18. Rxc3 Rxc3 19. bxc3 Bxa3 20. Qa4 {1-0 (67) Gaponenko,I (2469)-Koneru,H (2614) Moscow 2010}) 12... Kh8 $146 ({Predecessor:} 12... b6 13. Ne4 Nd5 14. Bg3 f5 15. Be5 fxe4 16. Bxe4 Bf6 17. Qc2 Bxe5 18. Bxh7+ Kh8 19. dxe5 Rxf3 20. gxf3 {0-1 (39) Jenssen,O (1933)-Barle,J (2337) Porto 2014}) 13. Bc2 Nb4 14. Re1 Nxc2 15. Qxc2 b6 16. h3 Bb7 17. Re3 Bxf3 18. Rxf3 Qxd4 19. Rd1 Qc5 20. Qe2 Rad8 21. Rc1 Nd5 22. Nxd5 Qxd5 23. Qa6 (23. Rc7 $15 Rd7 24. Rxd7 Qxd7 25. Bg3) 23... Rd7 24. Rfc3 e5 25. Be3 Bd6 26. Rc8 Qb7 (26... Kg8 $17) 27. Qxb7 Rxb7 28. Rxf8+ Bxf8 29. Rc8 Kg8 30. Bd2 f6 31. Bb4 $1 Rf7 32. Ra8 a5 33. Bd6 g6 34. Rb8 Kg7 35. Bxf8+ Rxf8 36. Rxb6 h5 37. Kf1 Rc8 38. Ra6 Rc1+ 39. Ke2 Rc2+ 40. Ke3 Rxb2 41. Rxa5 Kf7 42. Ra7+ Ke6 43. Ra6+ Kf5 44. a4 Rb3+ 45. Ke2 h4 46. a5 Ra3 47. Ra8 Ke4 48. a6 Ra2+ 49. Ke1 f5 $11 50. Rh8 Rxa6 51. Rxh4+ Kd3 52. f3 Ke3 53. Kd1 Ra1+ 54. Kc2 Ra2+ 55. Kc3 Rxg2 0-1

[Event "Israel Team Ch Under 18"]
[Site "Jerusalem"]
[Date "2017.08.14"]
[Round "5"]
[White "Erenberg, Ariel"]
[Black "Yaniv, Ori"]
[Result "1/2-1/2"]
[WhiteElo "2386"]
[BlackElo "1998"]
[Annotator "ChessBase"]
[PlyCount "59"]
[EventDate "2017.??.??"]
[EventType "swiss"]
[EventCountry "ISR"]
[SourceTitle "playchess.com"]
[Source "ChessBase"]
[SourceQuality "1"]
[TimeControl "40/5400+30:1800+30"]

1. d4 Nf6 2. c4 g6 3. Nc3 Bg7 4. e4 d6 5. Nf3 O-O 6. Be2 e5 7. O-O Nc6 8. d5 Ne7 9. b4 Nh5 10. Re1 f5 11. Ng5 Nf6 12. f3 Kh8 13. Rb1 h6 14. Ne6 Bxe6 15. dxe6 fxe4 16. fxe4 Nc6 17. Qd3 Ng8 18. Qh3 Nd4 19. Nd5 c6 20. Bxh6 Bxh6 21. e7 Nxe7 22. Qxh6+ Kg8 23. Nxe7+ Qxe7 24. Qxg6+ Qg7 25. Qxg7+ Kxg7 26. Bg4 Rf4 27. h3 Raf8 28. Rb2 Kg6 29. a4 a6 30. a5 1/2-1/2